Petit Bac Foot - A - Statistiques

Statistiques générales
  • Ce quiz a été pris 805 fois
  • Le résultat moyen est 8 sur 15
Statistiques - réponses
Questions Réponses % Correct
Gardien formé a Paris qui a joué au Real Madrid Areola
84%
Autrichien légende Bayern Munich Alaba
72%
Black panther célébration Aubameyang
67%
Attaquant Anglais AS ROMA Abraham
63%
Frère Ghanéen Ayew
62%
Latéral droit avec une qualité de passe extraordinaire Alexander Arnold
56%
Défenseur Francais retraité qui a évolué a Barcelone Abidal
54%
Brésilien dribble "toupie" Antony
52%
Algérien évoluant a l'OGC NICE Atal
52%
Russe ayant joué a Arsenal Arshavin
50%
Brésilien passé par Barcelone, Juventus et Liverpool Arthur
49%
Défenseur Belge ayant jouer longtemps a Tottenham Alderweireld
46%
Meilleur gardien de la Copa America en 2019 Alisson
46%
Attaquant Jamaïcain Antonio
24%
Rivalité de Vinicius Jr Araujo
13%
Aucun quiz correspondant
Distribution des résultats
% des personnes avec chaque résultat
Percentile par nombre de réponses
Votre historique - résultats
Vous n’avez pas pris ce quiz